000 00597nam a2200229Ia 4500
003 OSt
005 20221006164126.0
006 a|||||r|||| 00| 0
007 ta
008 221006b |||||||| |||| 00| 0 eng d
024 _a3,130
037 _cTextual
040 _aFML
_cFML
_beng
041 _2eng
_aeng
082 _aO15, 1D3, 111N0
100 _aSwaminathan C R Au.
_9676652
245 0 _aKumardasa
260 _aNew Delhi
_bSahitya Acadmy
_c1990
300 _a72
_ccm.
942 _hO15, 1D3, 111N0
_cTEXL
_2CC
999 _c1116284
_d1116284